000 00872 a2200253 4500
001 28303
005 20260407155555.0
008 260407a1980 arg spa d
003 AR-UNSa-BCEJYS
040 _aAR-UNSa-BCEJYS
_bspa
_cAR-UNSa-BCEJYS
080 _a657
_xContabilidad
245 1 0 _aReplanteo de la técnica contable
_pSu estructura básica, su acercamiento a la economía
264 1 _aBuenos Aires :
_bEdiciones Macchi
_c1980
300 _a202 p.
_c23 cm.
505 _a1. Introducción - 2. Antecedentes - 3. Metodología de la investigación - 4. Desarrollo de la investigación.
942 _cBK
590 _aniveau_biblio:m niveau_hierar:0
100 1 _aLattuca, Antonio Juan
700 1 _aFortini, Hernando L.
700 1 _aLópez Santiso, Horacio
700 1 _aLuppi, Hugo Alberto
700 1 _aSlosse, Carlos Alberto
700 1 _aUrriza, Jose
999 _c1691
_d1691